Sľažany : história a súčasnosť
Enregistré dans:
| Autres auteurs: | |
|---|---|
| Format: | Livre |
| Langue: | slovaque |
| Publié: |
Slažany,
1998
|
| Sujets: | |
| Tags: |
Pas de tags, Soyez le premier à ajouter un tag!
|
MARC
| LEADER | 00000nam a22000003a 4500 | ||
|---|---|---|---|
| 001 | stu50871 | ||
| 005 | 20150617225706.2 | ||
| 008 | 991116s1998------------------------slo-d | ||
| 020 | |a 8021600284 | ||
| 040 | |a STU |b slo | ||
| 041 | 0 | |a slo | |
| 100 | 1 | |a Krta, Laurinec |4 com | |
| 245 | 1 | |a Sľažany : |b história a súčasnosť | |
| 260 | |a Slažany, |c 1998 | ||
| 300 | |a 68 s | ||
| 650 | 7 | |a ostatné mestá |2 stusub | |
| 650 | 7 | |a Sľažany |2 stusub | |
| 996 | |b 284AB00454 |c A*685 B |l AAKNST |s P |a 0 |w stu50871_0001 | ||